Lots of Authors (in progress) - Statistics

General Stats
  • This quiz has been taken 27 times
    17 since last reset
  • The average score is 23 of 63
Answer Stats
Hint Answer % Correct
A Room With a View, A Passage to India E.M. Forster
77%
The Birds, Rebecca Daphne Du Maurier
69%
The Age of Innocence Edith Wharton
69%
Peter Pan J.M. Barrie
69%
Lady Chatterley's Lover, Women in Love D.H. Lawrence
62%
J'accuse, Nana, Germinal Emile Zola
62%
The Pilgrim's Progress John Bunyan
62%
The Remains of Day, Never Let Me Go Kazuo Ishiguro
62%
The Man in the High Castle, Do Androids Dream of Electronic Sheep? Philip K. Dick
62%
The Golden Compass (His Dark Materials) Philip Pullman
62%
The Little Prince Antoine de Saint-Exupéry
54%
Things Fall Apart Chinua Achebe
54%
Little House on the Prairie Laura Ingalls Wilder
54%
A Series of Unfortunate Events (series) Lemony Snicket
54%
Dead Souls Nikolai Gogol
54%
The Good Earth Pearl S. Buck
54%
Farewell, My Lovely; The Long Goodbye; The Big Sleep Raymond Chandler
54%
Infinite Jest David Foster Wallace
46%
Tarzan Edgar Rice Burroughs
46%
Angela's Ashes Frank McCourt
46%
The Turn of the Screw, The Portrait of a Lady Henry James
46%
Steppenwolf, The Glass Bead Game Hermann Hesse
46%
Where the Wild Things Are Maurice Sendak
46%
The Notebook, Nights in Rodanthe Nicholas Sparks
46%
Stranger on a Train, The Talented Mr. Ripley Patricia Highsmith
46%
Portnoy's Complaint, Nemesis Philip Roth
46%
The Naked Lunch, Junkie William S. Burroughs
46%
White Teeth, The Fraud Zadie Smith
46%
Me Talk Pretty One Day David Sedaris
38%
The Goldfinch, The Secret History Donna Tartt
38%
Kafka on the Shore, 1Q84, Norwegian Wood Haruki Murakami
38%
Are You There, God? It’s Me, Margaret Judy Blume
38%
Watership Down Richard Adams
38%
A Good Man is Hard to Find, Wise Blood Flannery O’Connor
31%
The House of the Spirits, Of Love and Shadows Isabel Allende
31%
Go Tell it on the Mountain, Giovanni's Room, If Beale Street Could Talk James Baldwin
31%
A Wrinkle in Time Madeleine L’Engle
31%
Intermezzo, Conversations with Friends, Normal People Sally Rooney
31%
The Lottery, The Haunting of Hill House Shirley Jackson
31%
The Secret Life of Bees Sue Monk Kidd
31%
The Right Stuff, The Bonfire of the Vanities Tom Wolfe
31%
Dinner at the Homesick Restaurant, The Accidental Tourist Anne Tyler
23%
The Bean Trees, The Poisonwood Bible Barbara Kingsolver
23%
Henry Huggins, Beezus and Ramona Beverly Cleary
23%
Valley of the Dolls, The Love Machine Jacqueline Susann
23%
Deliverance James Dickey
23%
I, the Jury Mickey Spillane
23%
Nancy Drew (series) Carolyn Keene
15%
The Very Hungry Caterpillar Eric Carle
15%
Gargantua and Pantagruel François Rabelais
15%
The Autobiography of Alice B. Toklas Gertrude Stein
15%
Out of Africa Isak Dinesen
15%
L.A. Confidential,The Black Dahlia, White Jazz James Ellroy
15%
Silent Spring Rachel Carson
15%
All the Light we Cannot See Anthony Doerr
8%
The Luck of Roaring Camp Bret Harte
8%
The Underground Railroad, The Nickel Boys, Harlem Shuffle Colson Whitehead
8%
White Noise, Underworld Don DeLillo
8%
My Brilliant Friend, The Lying Life of Adults Elena Ferrante
8%
The Amazing Adventures of Kavalier & Clay Michael Chabon
8%
The Omnivore's Dilemma Michael Pollan
8%
Ragged Dick, From Canal Boy to President Horatio Alger
0%
To the Far Blue Mountains, The Quick and the Dead Louis L'Amour
0%
No matching quizzes found
Score Distribution
Percent of People with Each Score
Percentile by Number Answered
Your Score History
You have not taken this quiz since the last reset